Larousse pocket diccionario español-francés, francais-espagnol

Saved in:
Bibliografiske detaljer
Format: Bog
Sprog:spansk
Udgivet: Ciudad de México Larousse 1994
Udgivelse:2a. ed
Fag:
Tags: Tilføj Tag
Ingen Tags, Vær først til at tagge denne postø!

MARC

LEADER 00000nam a2200000 a 4500
001 UCP1222
003 CL-VaPUC
008 990401e19940000MX |||||||||||||||||spa|d
020 |a 9706079572 
082 0 4 |a 463.41  |b LAR  |2 21 
245 1 0 |a Larousse pocket diccionario español-francés, francais-espagnol 
250 |a 2a. ed 
300 |a 365 p 
942 |c BK 
945 |d 19990401 00:00:00  |a aarredon 
260 |a Ciudad de México  |b Larousse  |c 1994 
650 0 |a Diccionarios  |9 256200 
650 0 |a Español  |9 255372 
650 7 |a FRANCES  |2 CL-VaPUC  |9 259059 
583 |a last modification  |c 19990401 00:00:00  |k Rodrigo Vera 
999 |c 279925  |d 279923 
952 |0 0  |1 0  |4 0  |6 463_410000000000000_LAR_1994  |7 0  |8 X  |9 319849  |a BIBHIS  |b BIBHIS  |d 2019-11-20  |i 350946K  |o 463.41 LAR 1994  |p 350946K  |r 2024-01-30  |w 2019-11-20  |y BK_X  |k HIS 
952 |0 0  |1 0  |4 0  |6 463_410000000000000_LAR_1994  |7 0  |8 X  |9 319850  |a BIBHIS  |b BIBHIS  |d 2019-11-20  |i 3795845  |o 463.41 LAR 1994  |p 3795845  |r 2024-01-30  |w 2019-11-20  |y BK_X  |k HIS 
952 |0 0  |1 0  |4 0  |6 463_410000000000000_LAR_1994  |7 0  |8 X  |9 319851  |a BIBHIS  |b BIBHIS  |d 2019-11-20  |i 4103424  |o 463.41 LAR 1994  |p 4103424  |r 2024-01-30  |w 2019-11-20  |y BK_X  |k HIS